| 000 | 01288nam a2200301 a 4500 | ||
|---|---|---|---|
| 003 | BLK | ||
| 005 | 20240210143915.0 | ||
| 008 | 220509b bul|||||r ||||||| ||bul|| | ||
| 040 | _aBLK | ||
| 041 |
_aBUL _cBUL |
||
| 080 |
_aСъдържание, учебна програма, учебни предмети в предучилищното образование _b373.2.016 _x(076) _z373.2.016(076) |
||
| 100 |
_9327879 _aИлиева, Невена _eпрев. от англ. |
||
| 139 | _bИ 52 | ||
| 245 | 1 | 0 |
_aЛенивецът Лени и звук [Л] _bПомагало за автоматизация : 5-7 години _cНевена Илиева |
| 257 | _aBGR | ||
| 260 |
_aСофия _bЛогоМагика _c2022 _9489181 _n978-954-792- ; 954-90825- |
||
| 300 |
_a32 с. : с цв. ил. _c29 см |
||
| 380 | _aDN | ||
| 650 | 7 |
_9174964 _aУчебно-възпитателна работа - в детските градини |
|
| 653 | 7 |
_9200646 _aчетене |
|
| 653 | 7 |
_9199098 _aучебни помагала |
|
| 653 | 7 |
_9194421 _aпредучилищна подготовка |
|
| 942 |
_cKNG _n0 _s1 _04 |
||
| 944 |
_cНора Радева _k30532 _lМира Стойчева _a30545 |
||
| 999 |
_c495649 _d495649 |
||
| 999 | _d495648 | ||
| 999 | _d495645 | ||
| 999 | _d454752 | ||